000 01020naa a22002897a 4500
001 BR8803086
003 BR-BrBNA
005 20240918180114.0
007 ta
008 230509b bl.||||| |||| 00| 0 por d
040 _aBR-BrBNA
_bpor
_cBiblioteca Nacional de Agricultura
041 _a(Pt)
072 _aF01
_b0230
090 _aF01 BR8803086
100 1 _aRipoli, T.C.
100 1 _aParanhos, S.B.
245 1 _aSistemas de colheita
246 1 _a[Sugar cane harvesting]
246 1 _a[Sugar cane: cultivation and use v. 2]
260 3 _aCampinas, SP (Brasil):
_c1987.
500 _aParanhos, S.B. (comp.) Cana-de-acucar cultivo e utilizacao v. 2 Campinas, SP (Brasil): 1987. p. 519-597 (BR8803086-AM)F01
650 _aCANA DE ACUCAR
650 _aCOLHEITA
773 0 _tCana-de-acucar cultivo e utilizacao v. 2
_aParanhos, S.B. (comp.). Fundacao Cargill, Campinas, SP (Brasil)
_wF01 BR8803086
_gCampinas, SP (Brasil), 1987. p. 519-597
909 _a202404
_bLucia
_c55
_dLucia Elande
942 _cAM
_2AGRIS
999 _c319259
_d319259